| 000 | 00577nam a2200193Ia 4500 | ||
|---|---|---|---|
| 005 | 20250508152443.0 | ||
| 008 | 008 250505s9999 xx 000 0 eng d | ||
| 037 | _aTextual | ||
| 040 |
_aFEDL _beng _cFEDL |
||
| 041 |
_aeng _2eng |
||
| 084 |
_a327.54, BER _qFEDL |
||
| 100 | _aBerkes Ross N. | ||
| 245 | 0 | _aDiplomacy of India: Indian foreign policy in the United Nations | |
| 260 |
_aStanford, USA _bStanford University Press _c1958 |
||
| 300 | _ax,221p | ||
| 700 |
_a Bedi Mohinder S. _9761522 |
||
| 942 |
_cTEXL _h327.54, BER |
||
| 999 |
_c1336520 _d1336520 |
||